000 01287cam a2200397 a 4500
001 22448
003 SK-KTurca
005 20260328122015.0
008 240314s2010 xo g 000 f slo
015 _aSNBA2011/01-00351
020 _a9788055122731
_q(brož.)
035 _a153D2EBC-72FE-492B-86FA-4AE5EE01AED7
035 _aurn:nbn:sk:snk-amjg3v
035 _aurn:nbn:sk:snk-am0013sg
040 _aSNK
_bslo
_cSNK
_dSVKBB
_dSNK
_eAACR2
041 1 _aslo
_heng
044 _axo
_cSK
072 7 _a821.111(73)-3
_xAmerická próza
_2konspekt
080 _a94(73)"1861/1865"
_22001
080 _a821.111(73)-31
_22001
080 _a(0:82-311.6)
_22001
100 1 _aMcCaig, Donald,
_d1940-
_4aut
240 1 0 _aRhett Butler's People
_lSlovensky
245 1 0 _aRhett Butler
_cDonald McCaig ; [z anglického originálu preložil Alojz Keníř]
250 _a2. vyd.
260 _aBratislava
_bIkar
_c2010
300 _a399 s.
_c20 cm
648 7 _a19. stor., 2. pol.
_2SNKPH
650 0 7 _aamerická občianska vojna (1861-1865)
_2SNKPH
655 7 _aamerické romány
_2SNKPH
655 7 _ahistorické romány
_2SNKPH
700 1 _aKeníž, Alojz,
_d1952-
_4trl
942 _2ddc
_cKLDO
_n0
980 _a821.111(73)-31
999 _c22448
_d22448